LIBRARY & INFORMATION CENTRE, KCAET, TAVANUR

ONLINE PUBLIC ACCESS CATALOGUE (OPAC)

Refrigeration and air conditioning / (Record no. 1767)

MARC details
000 -LEADER
fixed length control field 00484cam a2200181ua 4500
020 ## - INTERNATIONAL STANDARD BOOK NUMBER
ISBN 0-85226-721-5
041 ## - LANGUAGE CODE
Language code of text/sound track or separate title eng
082 ## - DEWEY DECIMAL CLASSIFICATION NUMBER
Classification number 697.93
Item number MAN/RE
100 ## - MAIN ENTRY--AUTHOR NAME
Personal name Manohar, Prasad .
245 ## - TITLE STATEMENT
Title Refrigeration and air conditioning /
250 ## - EDITION STATEMENT
Edition statement 1 /
260 ## - PUBLICATION, DISTRIBUTION, ETC. (IMPRINT)
Place of publication New Delhi :
Name of publisher New Age International Ltd ,
Year of publication 1995.
300 ## - PHYSICAL DESCRIPTION
Number of Pages 544 :
Other physical details ` ; .
942 ## - ADDED ENTRY ELEMENTS (KOHA)
Koha item type Books
Holdings
Withdrawn status Lost status Damaged status Home library Current library Date acquired Full call number Accession Number Koha item type
      KAUAET KAUAET 07/04/2012 697.93 20410 Books
free website counter